Vándorok vagyunk

Podrobná bibliografia
Hlavný autor: Vanda, Károly, 1956- (Autor)
Médium: Článok
Jazyk:maďarčina
Fyzický popis:Fotogr.
ISSN:1335-6631
Predmet:

MARC

LEADER 00000nab a2200000 ar4500
001 vtls009955874
003 SK-MaSNL
005 20260319074331.0
008 091001c2009 xo |||||||| 000 b|hun
015 |a SNBRB2009/10  |2 snkbucl 
038 |a SNKBUCL 
040 |a DSZK  |b slo  |c DSZK  |e AACR2 
041 0 |a hun 
044 |a xo  |c SK 
080 |a 27-183.5  |2 2001 
100 1 |a Vanda, Károly,  |d 1956-  |4 aut  |9 1035285 
245 1 0 |a Vándorok vagyunk  |c Vanda Károly 
300 |b Fotogr. 
650 0 7 |a ľudská duša  |2 snkbucl  |9 68702 
650 0 7 |a viera  |2 snkbucl  |9 22707 
655 7 |a náboženské úvahy  |2 snkbucl  |9 277880 
773 0 |t Szabad újság  |g Évf. XVII, sz. 39 (2009), o. 18  |x 1335-6631 
852 |a SNK  |b KIS3GCP 
852 |a DSZK  |b KIS3GCP 
958 |a HU 
958 |a SK 
999 |c 1706647  |d 1708577